000
00258nam a22001097a 4500
999
_c
260895
_d
260894
020
_a
0130683876
100
_a
Glenview
245
_a
Reading in Social Studies: Ancient Times
260
_a
New Jersey
_b
Prentice Hall
_c
2003
300
_a
247 pgs
942
_c
BK